<?xml version="1.0" encoding="UTF-8"?>
<record
    xmlns:xsi="http://www.w3.org/2001/XMLSchema-instance"
    xsi:schemaLocation="http://www.loc.gov/MARC21/slim http://www.loc.gov/standards/marcxml/schema/MARC21slim.xsd"
    xmlns="http://www.loc.gov/MARC21/slim">

  <leader>01063nam1a2200265 i 4500</leader>
  <controlfield tag="001">RU\NLR\BIBL_A\010768321</controlfield>
  <controlfield tag="005">20241103102440.0</controlfield>
  <datafield tag="035" ind1=" " ind2=" ">
    <subfield code="a">(NLR Aleph) 010768321</subfield>
  </datafield>
  <datafield tag="090" ind1=" " ind2=" ">
    <subfield code="a">10010239</subfield>
    <subfield code="c">10010239</subfield>
  </datafield>
  <datafield tag="100" ind1=" " ind2=" ">
    <subfield code="a">20141208d2014    km y0rusy50      ca</subfield>
  </datafield>
  <datafield tag="101" ind1="0" ind2=" ">
    <subfield code="a">rus</subfield>
  </datafield>
  <datafield tag="102" ind1=" " ind2=" ">
    <subfield code="a">RU</subfield>
  </datafield>
  <datafield tag="105" ind1=" " ind2=" ">
    <subfield code="a">||||z||||||||</subfield>
  </datafield>
  <datafield tag="200" ind1="1" ind2=" ">
    <subfield code="a">&#x418;&#x437;&#x431;&#x440;&#x430;&#x43D;&#x43D;&#x44B;&#x435; &#x442;&#x440;&#x443;&#x434;&#x44B;</subfield>
    <subfield code="e">&#x432; 4 &#x442;.</subfield>
    <subfield code="f">&#x411;&#x430;&#x440;&#x43B;&#x44B;&#x431;&#x430;&#x435;&#x432; &#x425;.&#x410;.</subfield>
    <subfield code="g">[&#x433;&#x43B;. &#x440;&#x435;&#x434;. &#x412;.&#x411;. &#x414;&#x435;&#x440;&#x43D;&#x43E;&#x432;&#x43E;&#x439;]</subfield>
    <subfield code="g">&#x418;&#x43D;-&#x442; &#x444;&#x438;&#x43B;&#x43E;&#x441;&#x43E;&#x444;&#x438;&#x438; &#x420;&#x43E;&#x441;. &#x430;&#x43A;&#x430;&#x434;&#x435;&#x43C;&#x438;&#x438; &#x43D;&#x430;&#x443;&#x43A;</subfield>
  </datafield>
  <datafield tag="210" ind1=" " ind2=" ">
    <subfield code="a">&#x41C;&#x43E;&#x441;&#x43A;&#x432;&#x430;</subfield>
    <subfield code="c">&#x41D;&#x430;&#x443;&#x447;&#x43D;&#x430;&#x44F; &#x431;&#x438;&#x431;&#x43B;&#x438;&#x43E;&#x442;&#x435;&#x43A;&#x430;</subfield>
    <subfield code="d">2014</subfield>
  </datafield>
  <datafield tag="215" ind1=" " ind2=" ">
    <subfield code="d">23</subfield>
  </datafield>
  <datafield tag="300" ind1=" " ind2=" ">
    <subfield code="a">&#x412; &#x430;&#x43D;&#x43D;&#x43E;&#x442;. &#x430;&#x432;&#x442;.: &#x434;.&#x444;&#x438;&#x43B;&#x43E;&#x441;.&#x43D;., &#x434;.&#x44D;.&#x43D;., &#x43F;&#x440;&#x43E;&#x444;. &#x425;.&#x410;. &#x411;&#x430;&#x440;&#x43B;&#x44B;&#x431;&#x430;&#x435;&#x432;</subfield>
  </datafield>
  <datafield tag="606" ind1=" " ind2=" ">
    <subfield code="a">&#x41E;&#x431;&#x449;&#x435;&#x441;&#x442;&#x432;&#x435;&#x43D;&#x43D;&#x44B;&#x435; &#x43D;&#x430;&#x443;&#x43A;&#x438;</subfield>
    <subfield code="9">1112139</subfield>
    <subfield code="3">RU\NLR\AUTH\66119728</subfield>
  </datafield>
  <datafield tag="686" ind1="1" ind2=" ">
    <subfield code="a">&#x421;.&#x44F;44</subfield>
  </datafield>
  <datafield tag="700" ind1=" " ind2="1">
    <subfield code="a">&#x411;&#x430;&#x440;&#x43B;&#x44B;&#x431;&#x430;&#x435;&#x432;</subfield>
    <subfield code="b">&#x425;.&#x410;.</subfield>
    <subfield code="f">1944-</subfield>
    <subfield code="g">&#x425;&#x430;&#x43B;&#x438;&#x43B;&#x44C; &#x410;&#x431;&#x443;&#x431;&#x430;&#x43A;&#x438;&#x440;&#x43E;&#x432;&#x438;&#x447;</subfield>
  </datafield>
  <datafield tag="702" ind1=" " ind2="1">
    <subfield code="a">&#x414;&#x435;&#x440;&#x43D;&#x43E;&#x432;&#x43E;&#x439;</subfield>
    <subfield code="b">&#x412;.&#x411;.</subfield>
    <subfield code="4">340</subfield>
  </datafield>
  <datafield tag="852" ind1=" " ind2=" ">
    <subfield code="a">NLR</subfield>
    <subfield code="j">2014-5/9369</subfield>
  </datafield>
  <datafield tag="942" ind1=" " ind2=" ">
    <subfield code="c">BOOK</subfield>
  </datafield>
</record>
